|
|
|
|
| LEADER |
02490nam a2200469 i 4500 |
| 001 |
nkc20223469808 |
| 003 |
CZ PrNK |
| 005 |
20221221083635.0 |
| 007 |
ta |
| 008 |
221101s2022 xr g 000 f cze |
| 015 |
|
|
|a cnb003469808
|
| 020 |
|
|
|a 978-80-7411-331-4
|q (vázáno)
|
| 035 |
|
|
|a (OCoLC)1357140241
|
| 040 |
|
|
|a ABG001
|b cze
|e rda
|
| 041 |
1 |
|
|a cze
|h eng
|
| 072 |
|
7 |
|a 821.111(73)-3
|x Americká próza
|2 Konspekt
|9 25
|
| 080 |
|
|
|a 821.111(73)-31
|2 MRF
|
| 080 |
|
|
|a (0:82-312.5)
|2 MRF
|
| 100 |
1 |
|
|a James, Eloisa,
|d 1962-
|7 kv2009497006
|4 aut
|
| 240 |
1 |
0 |
|a Wilde child.
|l Česky
|
| 245 |
1 |
0 |
|a Zachráněná pověst /
|c Eloisa James ; z anglického originálu Wilde child ... přeložila Eva Fuková
|
| 250 |
|
|
|a První vydání
|
| 264 |
|
1 |
|a Ostrava :
|b OLDAG,
|c 2022
|
| 300 |
|
|
|a 289 stran ;
|c 21 cm
|
| 336 |
|
|
|a text
|b txt
|2 rdacontent
|
| 337 |
|
|
|a bez média
|b n
|2 rdamedia
|
| 338 |
|
|
|a svazek
|b nc
|2 rdacarrier
|
| 490 |
1 |
|
|a Orchidej ;
|v svazek 166
|
| 520 |
2 |
|
|a Romance americké autorky odehrávající se ke konci 18. století v Anglii mezi aristokratickou smetánkou a hereckou společností.
|b Zdá se, že lady Joan Wildová přitahuje skandály. Když se připojí ke kočovné herecké společnosti a rozhodne se hrát roli prince, hrozí jí, že si zničí pověst. V hlavě nosí dokonalý vzor aristokrata: Thaddeuse Erskine Shawa, vikomta Greywicka, jemuž se ovšem představa, že by s ní uzavřel sňatek, ani trochu nezamlouvá. Jako jediné se Thaddeus Joan Wildové vyhýbá, protože ho vyvádí z míry. Když si ale uvědomí, jakému nebezpečí se chce lady Joan vystavit, slíbí, že ji ochrání, a uzavře s ní dohodu: jakmile odehraje jedno vystoupení, vrátí se lady Joan do zámku svého otce a provdá se za některého ze tří gentlemanů, jež bude Thaddeus považovat za přijatelné. On sám mezi nimi samozřejmě není a není vůbec jisté, co si o tom má kdo myslet. Nakladatelská anotace.
|
| 655 |
|
7 |
|a americké romány
|7 fd131796
|2 czenas
|
| 655 |
|
7 |
|a milostné romány
|7 fd132840
|2 czenas
|
| 655 |
|
9 |
|a American fiction
|2 eczenas
|
| 655 |
|
9 |
|a love novels
|2 eczenas
|
| 700 |
1 |
|
|a Fuková, Eva,
|d 1965-
|7 xx0032194
|4 trl
|
| 787 |
0 |
8 |
|i Z cyklu:
|t Lindow Castle
|g 6
|
| 830 |
|
0 |
|a Orchidej
|0 s
|
| 910 |
2 |
|
|a BOA001
|b 2-1500.377
|
| 920 |
|
|
|a 4675719
|z ABG001
|
| 990 |
|
|
|a BK
|
| 995 |
|
|
|a 01
|
| 991 |
|
|
|b 202212
|c NOV
|
| 996 |
6 |
|
|b 2610922977
|c 2-1500.377
|l MZK
|r Sklad / do 1 hodiny
|n 0
|p p.v.
|w 001907467
|u 000010
|a 1
|e BOA001
|j MZK50
|s P
|